| 000 | 00594nam a2200229 a 4500 | ||
|---|---|---|---|
| 999 |
_c1072 _d1072 |
||
| 008 | 191122r19912002xxka|||g |||| 001 0 eng d | ||
| 020 |
_a9781855730199 _c$ 245.00 |
||
| 040 |
_aKO _beng |
||
| 041 | 0 | _aeng | |
| 044 | _axxk | ||
| 082 | 0 | 4 |
_223 _a671.52 _bG766 |
| 100 | 1 | _aGranjon, H. | |
| 245 | 1 | 0 |
_aFundamentals of Welding Metallurgy / _cH. Granjon |
| 260 |
_aLondon : _bAbington Publishing, _c1991, reprinted 2002 |
||
| 300 |
_axiv, 210 p. : _bill. ; _c24 cm. |
||
| 504 | _aIncludes index. | ||
| 650 | 0 | _aWelding | |
| 650 | 0 | _aMetallurgy | |
| 904 | _aS_JOY | ||
| 942 | _cBK | ||